LEADER 01074nam a2200229 i 4500 001 000000061179 003 CaOOAMICUS 005 20140613000000.0 008 140613s1964 xx u000 u ger u 013 $a32351 040 $aSeMil$bita 100 1 $aGrotz, Hans .$0(OLS)http://semarc/name/20092 245 14$aDie Hauptkirchen des Ostens :$bvon den Anfängen bis zum Konzil von Nikaia (325) /$cHans Grotz. 260 $aRoma :$bPontificium Institutum Orientalium Studiorum,$c1964. 300 $aix, 259 p. ;$c24 cm. 490 0 $aOrientalia Christiana Analecta ;$v169 650 4$aChiese orientali - Storia.$0(OLS)http://semarc/subject/12164 830 0$aOrientalia Christiana Analecta ;$v169.$0(OLS)http://semarc/title/100 850 $aSeMil 852 $aSeMil$W1$xVenegono$y1$m2K IV 206$j27332$B27332$CSeMilBibl$Z2$F27335 $81 996 $6245$aDie Hauptkirchen des Ostens :$bvon den Anfängen bis zum Konzil von Nikaia (325)$9(OLS)http://semarc/title/96076 996 $6260$aRoma :$bPontificium Institutum Orientalium Studiorum$9(OLS)http://semarc/publisher/29660 LEADER 01636nam a2200301 i 4500 001 000000157570 003 CaOOAMICUS 005 20241121125156.0 008 070111s2006 gw u000 u ger u 013 $a134926 020 $a3-11-018576-8 040 $aSeMil$bita 245 00$aAuf dem Weg zur Endgestalt von Genesis bis II Regum :$bFestschrift Hans-Christoph Schmitt zum 65. Geburtstag /$chrsg. von Martin Beck und Ulrike Schorn. 260 $aBerlin ; New York :$bDe Gruyter,$c2006. 300 $aX, 293 p., [1] carta di tav. :$britr. ;$c24 cm. 490 0 $aBeihefte zur Zeitschrift für die alttestamentliche Wissenschaft ;$v370 650 4$aBibbia. Antico Testamento - Commentari, studi, critica, interpretazioni.$0(OLS)http://semarc/subject/2 700 1 $aBeck, Martin,$d<1967- >.$0(OLS)http://semarc/name/36355 700 1 $aSchmitt, Hans-Christoph,$d<1941-2020>,$ededicatario miscellanea.$0(OLS)http://semarc/name/40325 700 1 $aSchorn, Ulrike,$d<1964- >.$0(OLS)http://semarc/name/28570 830 0$aBeihefte zur Zeitschrift für die alttestamentliche Wissenschaft ;$v370.$0(OLS)http://semarc/title/294 850 $aSeMil 852 $aSeMil$W1$xVenegono$y1$m2XA Q 370$j251157$B109254$CSeMilBibl$Z2$F118763 $81 961 $aSottoscrizione: De Gruyter 996 $6020$a3-11-018576-8$9(OLS)http://semarc/number/147909 996 $6245$aAuf dem Weg zur Endgestalt von Genesis bis II Regum :$bFestschrift Hans-Christoph Schmitt zum 65. Geburtstag$9(OLS)http://semarc/title/231080 996 $6260$aBerlin ; New York :$bDe Gruyter$9(OLS)http://semarc/publisher/29892